000 00572nam a22001937a 4500
005 20251108172929.0
008 250721s2001 xx 000 0 ara d
082 1 4 _a218.32/بدو
100 1 _aالبدوي، عمر أحمد
245 1 0 _aالذكر بين الإتباع و الإبتداع /
264 1 _aحولي :
_bمركز ابن عباس لتحفيظ القرآن الكريم،
_c2001.
300 _a93 ص
650 1 7 _aالحديث
650 1 7 _aالذكر
650 1 7 _aالفضائل
653 _aالدعاء
942 _2ddc
_cBK
999 _c92103
_d92103